| 000 | 00361nam a2200133Ia 4500 | ||
|---|---|---|---|
| 005 | 20251222143211.0 | ||
| 008 | 251222s9999||||xx |||||||||||||| ||spa|| | ||
| 020 | _a978-9972-234-16-3 | ||
| 082 | _a382.098.5/G67 | ||
| 100 | _aGonzáles Montenegro, Yanina | ||
| 245 | 0 | _aGuía para Importar y Exportar Paso a Paso | |
| 264 | _bInstituto Pacífico | ||
| 942 | _cLIB | ||
| 999 |
_c13427 _d13427 |
||